Proportionality in International Law

Αποθηκεύτηκε σε:
Λεπτομέρειες βιβλιογραφικής εγγραφής
Κύριοι συγγραφείς: Newton, Michael (Συγγραφέας), May, Larry (Συγγραφέας)
Μορφή: Βιβλίο
Γλώσσα:Αγγλικά
Έκδοση: Oxford Oxford University Press 2014
Έκδοση:1a. ed
Θέματα:
Ετικέτες: Προσθήκη ετικέτας
Δεν υπάρχουν, Καταχωρήστε ετικέτα πρώτοι!

MARC

LEADER 00000cam a2200000 a 4500
001 UCC9110
003 CL-VaPUC
008 190904e20140000uk |||||||||||||||||eng|d
020 |a 9780199355051 
082 0 4 |a 341  |b NEW  |2 21 
100 0 |a Newton, Michael  |e author  |9 603979 
700 0 |a May, Larry  |e author  |9 603980 
245 1 0 |a Proportionality in International Law 
250 |a 1a. ed 
300 |a 339 p 
942 |c BK 
945 |d 20190904 15:40:00  |a dcastane 
260 |a Oxford  |b Oxford University Press  |c 2014 
650 0 |a Derecho internacional  |9 255637 
650 7 |a PROPORCIONALIDAD  |2 CL-VaPUC  |9 588189 
583 |a last modification  |c 20190904 15:40:00  |k Rodrigo Vera 
999 |c 375304  |d 375302 
952 |0 0  |1 0  |3 erb  |4 0  |6 341_000000000000000_NEW_2014  |7 0  |8 WP_COW  |9 561252  |a BIBDER  |b BIBDER  |e Fundación W and P Cowley  |i 5599008  |o 341 NEW 2014  |p 5599008  |r 2023-01-25  |w 2020-03-12  |y BK  |z Catalogado en:20190904  |k WPC